LEADER 00853nam a2200193 i 4500 001 000000031298 003 CaOOAMICUS 005 20180830125449.0 008 180830s1939 it u000 u ita u 040 $aSeMil$bita 100 1 $aPandolfelli, Gaetano.$0(OLS)http://semarc/name/14471 245 10$aCodice civile /$cG. Pandolfelli ... [et al.]. 260 $aMilano :$bGiuffrè,$c1939. 300 $av. ;$c23 cm. 650 4$aCodice civile.$0(OLS)http://semarc/subject/878 774 0 $tLibro 1. illustrato con i lavori preparatori.$b2. edizione integrata con le disposizioni di attuazione e transitorie e con nuove note di commento.$w()238239 774 0 $tLibro delle successioni per causa di morte e delle donazioni.$w()238240 996 $6245$aCodice civile$9(OLS)http://semarc/title/42578 996 $6260$aMilano :$bGiuffrè$9(OLS)http://semarc/publisher/29926 LEADER 01065nam a2200229 i 4500 001 000000057738 003 CaOOAMICUS 005 20090414000000.0 008 090414s1965 it u000 u ita u 013 $a28910 040 $aSeMil$bita 100 1 $aGuarducci, Margherita <1902-1999>.$0(OLS)http://semarc/name/90007 245 13$aLe reliquie di Pietro :$bsotto la Confessione della Basilica Vaticana /$cMargherita Guarducci. 260 $a[Città del Vaticano] :$bLibreria Editrice Vaticana,$c1965. 300 $a182 p. :$bill. ;$c22 cm. 600 04$aPietro .$0(OLS)http://semarc/subject/1127 650 4$aPietro - Tomba.$0(OLS)http://semarc/subject/8726 850 $aSeMil 852 $aSeMil$W1$xVenegono$y1$m3A IV 116$j23892$B23892$CSeMilBibl$Z2$F23894 $81 961 $aAcquisto: Casa editrice 996 $6245$aLe reliquie di Pietro :$bsotto la Confessione della Basilica Vaticana$9(OLS)http://semarc/title/89887 996 $6260$a[Città del Vaticano] :$bLibreria Editrice Vaticana$9(OLS)http://semarc/publisher/33859